| 000 | 00771nam a2200205 a 4500 | ||
|---|---|---|---|
| 008 | 120416s1987 ||||||||||||||||| || u | ||
| 020 | _a1853330256 | ||
| 050 | _aK 83 Her | ||
| 100 | _aHadley, Richard | ||
| 245 | 1 | 0 | _aContracting and subcontracting for overseas projects |
| 250 | _aenlarged e | ||
| 260 |
_aLondon _bGraham and Trotman _c1987 |
||
| 300 | _axi, 90p. : ill. | ||
| 350 | _a0.00 | ||
| 500 | _aIncludes index. -Enl. ed. of: Topical aspects of overseas contracting for major engineering projects. 1977. | ||
| 650 | _aCONTRACTS | ||
| 650 | _aENGINEERING CONTRACTS | ||
| 700 | _aHerzfeld, Edgar O | ||
| 995 |
_D0.00 _FCBU-MAIN LIBRARY (Kitwe) _H1 _I34.75 _M1 _UAVAILABLE _ZAnnex Low-Usage Collection |
||
| 999 |
_c38689 _d38689 |
||